000
00332nam a2200145Ia 4500
003
OSt
008
191201s2002 xx 000 0 und d
082
_a
158.1
_b
HAH
100
_a
HARDAYAL
245
0
_a
Hints For Self Culture
260
_a
New Delhi
_b
Khosla Pub
_c
2002
300
_a
366
650
_a
General Books
942
_2
ddc
_c
BK
999
_c
6526
_d
6526